Southville International School and Colleges
Your cart is empty.
  • Cart
  • Lists
    Public lists Eva Luna New books Lux_list list_1
    Your lists Log in to create your own lists
  • Log in to your account
  • Your cookies
  • Search history
Southville International School and Colleges
  • Advanced search
  • Recent comments
  • Most popular
  • Libraries

Log in to your account

Log in with GOOGLE


If you do not have an external account, but do have a local account, you can still log in:

  1. Home
  2. MARC view: Basic nutrition for Filipinos /
Normal view MARC view ISBD view

Basic nutrition for Filipinos / (Record no. 291952)

[ view plain ]
MARC details
000 -LEADER
fixed length control field 00639nam a2200229Ia 4500
008 - FIXED-LENGTH DATA ELEMENTS--GENERAL INFORMATION
fixed length control field 160319s9999 xx 000 0 und d
020 ## - INTERNATIONAL STANDARD BOOK NUMBER
International Standard Book Number 971-30-1208-9
050 ## - LIBRARY OF CONGRESS CALL NUMBER
Classification number FIL TX 360.P5
050 ## - LIBRARY OF CONGRESS CALL NUMBER
Item number .C53 2002 c.1
100 ## - MAIN ENTRY--PERSONAL NAME
Personal name Claudio, Virginia S.
245 ## - TITLE STATEMENT
Title Basic nutrition for Filipinos /
245 ## - TITLE STATEMENT
Statement of responsibility, etc Virginia S. Claudio, Ofelia V. Dirige.
260 ## - PUBLICATION, DISTRIBUTION, ETC. (IMPRINT)
Place of publication, distribution, etc Manila :
260 ## - PUBLICATION, DISTRIBUTION, ETC. (IMPRINT)
Name of publisher, distributor, etc Merriam and Webster Bookstore, Inc.,
260 ## - PUBLICATION, DISTRIBUTION, ETC. (IMPRINT)
Date of publication, distribution, etc 2002
300 ## - PHYSICAL DESCRIPTION
Extent I-6 pages :
300 ## - PHYSICAL DESCRIPTION
Other physical details illustrations ;
300 ## - PHYSICAL DESCRIPTION
Dimensions 25 cm.
500 ## - GENERAL NOTE
General note Includes index.
650 ## - SUBJECT ADDED ENTRY--TOPICAL TERM
Topical term or geographic name as entry element Nutrition -- Filipinos.
650 ## - SUBJECT ADDED ENTRY--TOPICAL TERM
General subdivision Diet theraphy -- Filipinos.
Holdings
Withdrawn status Lost status Damaged status Home library Current library Shelving location Date acquired Total Checkouts Full call number Barcode Date last seen Price effective from Koha item type
      South Mansfield College South Mansfield College Filipiniana Section 03/07/2005   FIL TX 360.P5 .C53 2002 c.1 SMC01555 03/19/2016 03/19/2016  

Basic nutrition for Filipinos /

APA

Claudio V. S., .Basic nutrition for Filipinos. Manila: .

Chicago

Claudio Virginia S, .Basic nutrition for Filipinos. Manila: .

Harvard

Claudio V. S., .Basic nutrition for Filipinos. Manila: .

MLA

Claudio Virginia S, .Manila: . .

  • Place hold
  • Print
  • Cite
  • Add to your cart (remove)
  • Save record
    BIBTEX Dublin Core MARCXML MARC (non-Unicode/MARC-8) MARC (Unicode/UTF-8) MARC (Unicode/UTF-8, Standard) MODS (XML) RIS
  • More searches
    Search for this title in:
    Other Libraries (WorldCat) Other Databases (Google Scholar) Online Stores (Bookfinder.com) Open Library (openlibrary.org)

Exporting to Dublin Core...

SOUTHVILLE LIBRARY

Southville International School and Colleges Library

1281 Tropical Ave. Cor. Luxembourg St., BF Homes International, Las Pinas City

Tel. No. 8256374 / 252358 Loc. 117/146

Powered by Koha